Statistics for FIFA 20 Top 100 Players

Click here to take the quiz!

General Stats

  • This quiz has been taken 468 times
  • The average score is 67 of 100

Answer Stats

RatingPositionClubFootballer% Correct
94RWBarcelonaLionel Messi
100%
93STPiemonte CalcioCristiano Ronaldo
99%
92LWPSGNeymar
99%
91CAMMan CityKevin De Bruyne
96%
89STPSGKylian Mbappé
96%
90CMReal MadridLuka Modrić
96%
90RWLiverpoolMohamed Salah
96%
90CBLiverpoolVirgil Van Dijk
96%
89STTottenhamHarry Kane
95%
91GKAtlético MadridJan Oblak
95%
87CFTottenhamSon Heung-Min
95%
90GKBarcelonaMarc-André ter Stegen
94%
89STMan CitySergio Agüero
94%
89CBReal MadridSergio Ramos
94%
91LWReal MadridEden Hazard
93%
89STBayern MunichRobert Lewandowski
92%
88LWLiverpoolSadio Mané
92%
89GKMan UnitedDavid De Gea
90%
89CDMChelseaN'Golo Kanté
90%
89STBarcelonaLuis Suárez
89%
88CMReal MadridToni Kroos
89%
88GKBayern MunichManuel Neuer
87%
88RWMan CityRaheem Sterling
87%
89GKLiverpoolAlisson
86%
88CAMMan CityDavid Silva
86%
88CBBarcelonaGerard Piqué
86%
89CBPiemonte CalcioGiorgio Chiellini
85%
88GKMan CityEderson
84%
88GKTottenhamHugo Lloris
84%
88CMMan UnitedPaul Pogba
84%
88STArsenalPierre-Emerick Aubameyang
84%
89CDMBarcelonaSergio Busquets
84%
87CFReal MadridKarim Benzema
82%
88CAMDortmundMarco Reus
82%
89CFBarcelonaAntoine Griezmann
81%
88STPSGEdinson Cavani
81%
88GKReal MadridThibaut Courtois
80%
87LBBarcelonaJordi Alba
79%
89CBNapoliKalidou Koulibaly
79%
88CAMPiemonte CalcioPaulo Dybala
77%
87CBDortmundMats Hummels
76%
88CAMTottenhamChristian Eriksen
75%
87CDMReal MadridCasemiro
73%
86LWMan CityLeroy Sané
73%
88GKInter MilanSamir Handanovič
73%
87GKPSGKeylor Navas
72%
87CFNapoliDries Mertens
70%
86CFLiverpoolBobby Firmino
69%
86RBBayern MunichJoshua Kimmich
69%
87CDMMan CityFernandinho
68%
87CMBayern MunichThiago
68%
86CBPiemonte CalcioLeonardo Bonucci
67%
86RWPSGÁngel Di María
64%
88CBInter MilanDiego Godín
64%
87CBTottenhamJan Vertonghen
64%
87CBMan CityAymeric Laporte
62%
86CAMBayern MunichThomas Müller
62%
86STArsenalAlexandre Lacazette
61%
87CFNapoliLorenzo Insigne
60%
86CBPSGMarquinhos
60%
87CBTottenhamToby Alderweireld
59%
85LBReal MadridMarcelo Vieira
58%
85CDMMan CityRodri
58%
85CBReal MadridRaphaël Varane
57%
86STSS LazioCiro Immobile
55%
86CAMReal MadridIsco
55%
85LBLiverpoolAndy Robertson
53%
85CMBarcelonaFrenkie De Jong
53%
87RWMan CityBernardo Silva
51%
85LBBayern MunichDavid Alaba
51%
86CMPSGMarco Verratti
51%
85CBPiemonte CalcioMatthijs De Ligt
51%
87CBPSGThiago Silva
51%
85STLA GalaxyZlatan Ibrahimović
51%
85CDMLiverpoolFabinho
50%
85STPSGMauro Icardi
50%
86CBBarcelonaSamuel Umtiti
49%
86CMPiemonte CalcioMiralem Pjanić
47%
86CMBarcelonaIvan Rakitić
46%
85STInter MilanRomelu Lukaku
46%
86CBInter MilanMilan Škriniar
45%
85GKAC MilanGianluigi Donnarumma
43%
85RBReal MadridDani Carvajal
42%
85LBPiemonte CalcioAlex Sandro
41%
85CAMSporting CPBruno Fernandes
41%
85RMAtlético MadridKoke
41%
86LWBayern MunichPhilippe Coutinho
41%
86CMValenciaDani Parejo
40%
85CAMReal MadridJames Rodríguez
35%
85CDMDortmundAxel Witsel
34%
86GKPiemonte CalcioWojciech Szczęsny
33%
85CAMAtalanta BCAlejandro Gómez
32%
85CDMPiemonte CalcioBlaise Matuidi
32%
85CBBayern MunichNiklas Süle
32%
85CMSS LazioSergej Milinković-Savić
32%
85CAMAjaxHakim Ziyech
31%
85CBAtlético MadridJosé María Giménez
30%
85CMAtlético MadridSaúl
30%
85CBNapoliKostas Manolas
27%
85CMNapoliAllan
19%

Score Distribution

Percentile by Number Answered

Percent of People with Each Score

Your Score History

You have not taken this quiz